Η επίδραση της Χίου στην κουζίνα της καθ' ημάς ανατολής

Saved in:
Bibliographic Details
Corporate Authors: Ροταριανός Όμιλος Χίου, Νομαρχιακή Αυτοδιοίκηση Χίου
Other Authors: Κριτάκη, Βάσω (Editor), Καραμουσλής, Θωμάς (Editor)
Format: Book
Language:Greek
Published: Χίος : Ροταριανός Όμιλος Χίου, 2003
Edition:2η έκδ.
Subjects:
Tags: Add Tag
No Tags, Be the first to tag this record!

MARC

LEADER 00000cam a2200000 i 4500
001 1/80906
008 050713s gre d
035 |l 10079140 
040 |a GR-MY-UA  |b gre  |e aacr 
041 0 |a gre 
082 0 |a 392.370949582  |2 (22) 
110 2 |a Ροταριανός Όμιλος Χίου. 
245 1 2 |a Η επίδραση της Χίου στην κουζίνα της καθ' ημάς ανατολής /  |c Ροταριανός Όμιλος Χίου, Νομαρχιακή Αυτοδιοίκηση Χίου ; επιμέλεια: Βάσω Κριτάκη, Θωμάς Καραμουσλής 
250 |a 2η έκδ. 
260 |a Χίος :   |b Ροταριανός Όμιλος Χίου,   |c 2003 
300 |a 64 σ.;  |c 23 εκ. 
500 |a Με χιώτικες και μικρασιατικές παραδοσιακές γευστικές προτάσεις 
650 0 0 |a Recipes  |z Greece. 
650 0 0 |a Greeks  |x Recipes  |z Greece  |z Chios (Municipality) 
650 0 0 |a Folklore  |z Greece  |z Chios (Municipality) 
650 0 0 |a Cookery  |z Greece  |z Chios (Municipality) 
650 0 0 |a Pastry  |z Greece  |z Chios Island. 
700 1 |a Κριτάκη, Βάσω.  |4 edt 
700 1 |a Καραμουσλής, Θωμάς.  |4 edt 
710 2 |a Νομαρχιακή Αυτοδιοίκηση Χίου. 
852 |a INST  |b CHIOS  |e 20050713  |h 392.370949582 ΡΟΤ  |p 005200022158  |q 005200022158  |t BK  |y 0 
901 |a BIBL2-2005-2 
909 |a Χ  |b 112729 
922 |a 2ΕΛΗ  |b 200502  |c ΚΕΝΤΡΙΚΗ ΒΙΒΛΙΟΘΗΚΗ  |d ΠΥΞΙΔΑ 
970 |a ΧΑΖΙΡΗ  |b ΑΝΝΑ  |z 2005/07/13